Linkages between phosphorus transformations and carbon decomposition in a forest soil (Registro nro. 11273)

Detalles MARC
000 -CABECERA
Campo de control 006750000a22002170004500
090 ## - CLASIFICACIÓN LOCAL
Colección AR
Consecutivo 02201
041 0# - IDIOMA
Código de idioma para texto/pista de sonido o título separado
100 1# - ASIENTO PRINCIPAL--NOMBRE PERSONAL
Nombre personal Gressel, Noam
245 10 - MENCION DE TITULO
Título Linkages between phosphorus transformations and carbon decomposition in a forest soil
650 14 - ASIENTO SECUNDARIO DE MATERIA - TERMINO TEMATICO
Término temático o nombre geográfico como elemento de entrada Bosques
650 14 - ASIENTO SECUNDARIO DE MATERIA - TERMINO TEMATICO
Término temático o nombre geográfico como elemento de entrada Suelos
650 14 - ASIENTO SECUNDARIO DE MATERIA - TERMINO TEMATICO
Término temático o nombre geográfico como elemento de entrada Ciclo de nutrientes
650 14 - ASIENTO SECUNDARIO DE MATERIA - TERMINO TEMATICO
Término temático o nombre geográfico como elemento de entrada Biogeoquímica
651 #4 - ASIENTO SECUNDARIO DE MATERIA - NOMBRE GEOGRAFICO
-- California
-- Estados Unidos
700 1# - ASIENTO SECUNDARIO - NOMBRE PERSONAL
Nombre personal McColl, J. G.
700 1# - ASIENTO SECUNDARIO - NOMBRE PERSONAL
Nombre personal Preston, Caroline M.
700 1# - ASIENTO SECUNDARIO - NOMBRE PERSONAL
Nombre personal Newman, Roger H.
700 1# - ASIENTO SECUNDARIO - NOMBRE PERSONAL
Nombre personal Powers, Robert F.
773 1# - Item fuente:
Título Biogeochemistry
Especificación de materiales 1191
Paginas del Articulo 97-123
Lugar, editorial y fecha de publicación 1996
Información sobre la relación 33
942 ## - ELEMENTOS ADICIONALES (KOHA)
Tipo de ítem Artículo
Existencias
Withdrawn status Lost status Damaged status No para préstamo Colección Ubicación Permanente Ubicación actual Fecha de adquisición Fuente de Valor Datos de publicación Seriada Total Checkouts Número topográfico Inventario / Código de Barras Date last seen Ejemplar Price effective from Forma de adquisición Tipo de material
      No para Préstamo Hemeroteca Bogotá Bogotá 27/02/2015 Academia Colombiana de Ciencias Exactas, Físicas y Naturales Fuera de circulación   AR 02201 012587 25/03/2015 1 25/03/2015   Artículo